Bataliús (Registro nro. 14419)
[ vista simple ]
| 000 -LEADER | |
|---|---|
| campo de control de longitud fija | 00797nam a2200217 i 4500 |
| 001 - NÚMERO DE CONTROL | |
| campo de control | 14419 |
| 003 - IDENTIFICADOR DE NÚMERO DE CONTROL | |
| campo de control | ES-MaACL |
| 005 - FECHA Y HORA DE LA ÚLTIMA TRANSACCIÓN | |
| campo de control | 20230906150815.0 |
| 007 - CAMPO FIJO DE DESCRIPCIÓN FÍSICA--INFORMACIÓN GENERAL | |
| campo de control de longitud fija | t| |
| 008 - DATOS DE LONGITUD FIJA--INFORMACIÓN GENERAL | |
| campo de control de longitud fija | 961203s1996 sp f |||| | spa j |
| 020 ## - NÚMERO INTERNACIONAL ESTÁNDAR DEL LIBRO | |
| Número Internacional Estándar del Libro | 84-921456-1-7 |
| 080 ## - NÚMERO DE LA CLASIFICACIÓN DECIMAL UNIVERSAL | |
| Número de la Clasificación Decimal Universal | 946.025.3"07/14" |
| 245 00 - MENCIÓN DEL TÍTULO | |
| Título | Bataliús |
| Resto del título | : el reino taifa de Badajoz : estudios / |
| Mención de responsabilidad, etc. | editor, Fernando Díaz Esteban. |
| 260 ## - PUBLICACIÓN, DISTRIBUCIÓN, ETC. | |
| Lugar de publicación, distribución, etc. | Madrid : |
| Nombre del editor, distribuidor, etc. | Letrúmero, |
| Fecha de publicación, distribución, etc. | 1996. |
| 300 ## - DESCRIPCIÓN FÍSICA | |
| Extensión | 286 p., [40] p. de lám. col. y n. ; |
| Dimensiones | 24 cm. |
| 500 ## - NOTA GENERAL | |
| Nota general | Ponencias del Congreso Hispano-Luso sobre el Reino Taifa de Badajoz, celebrado en 1995. |
| 651 #4 - PUNTO DE ACCESO ADICIONAL DE MATERIA--NOMBRE GEOGRÁFICO | |
| Nombre geográfico | Badajoz (Reino de taifa)- |
| Subdivisión general | Historia. |
| 9 (RLIN) | 157722 |
| 700 1# - ENTRADA AGREGADA--NOMBRE PERSONAL | |
| Nombre de persona | Díaz Esteban, Fernando. |
| 9 (RLIN) | 44270 |
| 711 2# - ENTRADA AGREGADA--NOMBRE DE REUNIÓN | |
| Nombre de congreso/reunión o jurisdicción como elemento de entrada | Congreso Hispano-Luso sobre el Reino Taifa de Badajoz ( |
| Fecha del congreso o de la firma del tratado | 1995) |
| 9 (RLIN) | 383 |
| 852 ## - LOCALIZACIÓN | |
| Ubicación | ES-MaACL |
| Número de control de estantería | L-21672 |
| Estatus retirado | Estado de pérdida | Estado de daño | No para préstamo | Biblioteca de origen | Biblioteca actual | Ubicación en estantería | Fecha de adquisición | Fuente de adquisición | Total de préstamos | Signatura topográfica completa | Código de barras | Visto por última vez | Precio de reemplazo | Tipo de ítem Koha |
|---|---|---|---|---|---|---|---|---|---|---|---|---|---|---|
| Biblioteca del Ateneo de Madrid | Biblioteca del Ateneo de Madrid | Depósito 2 | 17/01/2008 | L-21672 | 1014666 | 23/02/2023 | 23/02/2023 | Libro impreso |
